Tent life in tigerland with which is incorporated sport and work on the Nepaul frontier being twelve years sporting reminiscences of a pioneer planter in an Indian Frontier district (Record no. 1062340)

MARC details
000 -LEADER
fixed length control field 00711nam a2200229Ia 4500
003 - CONTROL NUMBER IDENTIFIER
control field OSt
005 - DATE AND TIME OF LATEST TRANSACTION
control field 20221005132049.0
008 - FIXED-LENGTH DATA ELEMENTS--GENERAL INFORMATION
fixed length control field 221004b |||||||| |||| 00| 0 eng d
037 ## - SOURCE OF ACQUISITION
Terms of availability Textual
040 ## - CATALOGING SOURCE
Original cataloging agency CRL
Transcribing agency CRL
Language of cataloging eng
041 ## - LANGUAGE CODE
Source of code eng
Language code of text/sound track or separate title eng
100 ## - MAIN ENTRY--PERSONAL NAME
Personal name Inglis James
9 (RLIN) 640557
245 #0 - TITLE STATEMENT
Title Tent life in tigerland with which is incorporated sport and work on the Nepaul frontier being twelve years sporting reminiscences of a pioneer planter in an Indian Frontier district
260 ## - PUBLICATION, DISTRIBUTION, ETC.
Date of publication, distribution, etc. 1892
650 ## - SUBJECT ADDED ENTRY--TOPICAL TERM
Topical term or geographic name entry element GEOGRAPHY
942 ## - ADDED ENTRY ELEMENTS (KOHA)
Classification part U8:2:M8, C2
Koha item type Textual
Source of classification or shelving scheme
Holdings
Withdrawn status Lost status Damaged status Not for loan Home library Current library Date acquired Total Checkouts Full call number Barcode Date last seen Price effective from Koha item type
        Central Library Central Library 2022-10-05   U8:2:M8 C2 CL0092619 2022-10-05 2022-10-05 Textual
Copyright @ Delhi University Library System